000
00289nam a22001217a 4500
008
180924b xxu||||| |||| 00| 0 eng d
041
_a
eng
080
_a
610
100
_a
4
101
_a
NUR
245
_a
The LIppincott Manual Of Nursing Practice
_c
Lippimcott.j.b
942
_2
udc
_c
BK
999
_c
48307
_d
48307